000 01154cam a2200289 4500
001 26424
003 BD-RjUL
005 20211209051021.0
008 140322s1972 ii b 001 0 eng
020 _a0210405457
035 _a(BD-RjUL)26494
040 _aDLC
_cDLC
_dDLC
_dBD-RjUL
_beng
041 1 _aengund
082 0 0 _a954.02
_219
_bKHT 1972
100 1 _aKhani, Muhammad Bihamad.
_981251
245 1 0 _aTarikh-i Muhammadi :
_bPortion dealing with the account of Sultan Firoz Shah, his successors, and the minor kingdoms, from AH 752/AD 1351 to AH 842/AD 1438.
_cEnglish translation with pref. and notes by Muhammad Zaki /
_n Muhammad Bihamad Khani
260 _a[Bombay :
_bPublished for the] Centre for Advanced Study, Dept. of History, Aligarh Muslim University [by] Asia Pub. House,
_cc1972.
300 _axi, 110 p. ;
_c24 cm.
504 _aIncludes bibliographical rseferences and index.
650 0 _aMiddle Ages.
_981252
651 0 _aIndia
_xHistory
_y1000-1526.
_981253
700 1 _aZaki, Muhammad,
_d1935-
_etr.
_981254
942 _2ddc
_cBK
999 _c26424
_d26424